[Event "5th Karl Wagner mem (B)"]
[Site "Graz"]
[Date "1998.07.08"]
[Round "1.1"]
[White "Enoeckl, Philipp"]
[Black "Zeindl, Stefan"]
[Result "1/2-1/2"]
[WhiteElo "1995"]
[BlackElo "1979"]
[PlyCount "63"]
[EventDate "1998.07.08"]

{1/(1)} 1. d4 1... d5 2. c4 Nc6 3. Nc3 e5 4. cxd5 Nxd4 5. e3 Nf5 6. Nf3 Bd6 7.
Bb5+ Bd7 8. Qb3 Rb8 9. O-O a6 10. Bxd7+ Qxd7 11. e4 Nfe7 12. Be3 Nc8 13. Nd2
Nge7 14. Na4 O-O 15. Rac1 Qb5 16. f3 Qxb3 17. Nxb3 b6 18. Rc2 f5 19. Nc3 fxe4
20. fxe4 Rxf1+ 21. Kxf1 Ng6 22. g3 Nce7 23. Nd2 b5 24. Nb3 Nf8 25. Nc5 a5 26.
a4 bxa4 27. N3xa4 Rb4 28. Bd2 Rb5 29. Kf2 c6 30. dxc6 30... Nxc6 {} 31. Nb3
Nd8 32. Nxa5 1/2-1/2

[Event "5th Karl Wagner mem (B)"]
[Site "Graz"]
[Date "1998.07.08"]
[Round "1.2"]
[White "Kvas, Michael"]
[Black "Radl, Guenther"]
[Result "0-1"]
[WhiteElo "1825"]
[BlackElo "1995"]
[PlyCount "126"]
[EventDate "1998.07.08"]

{1/(2)} 1. e4 1... c5 2. c4 Nc6 3. Nc3 g6 4. g3 Bg7 5. Nge2 d6 6. Bg2 e5 7. d3
Nge7 8. O-O O-O 9. b3 f5 10. Nd5 Nxd5 11. cxd5 Ne7 12. f4 exf4 13. Bxf4 h6 14.
Rc1 g5 15. Bd2 fxe4 16. dxe4 Ng6 17. Bc3 Ne5 18. Bxe5 Bxe5 19. Nc3 Qa5 20. Qd2
Bd7 21. Nb1 Bd4+ 22. Kh1 Qb6 23. Na3 Qa6 24. Nc4 b5 25. Qa5 Qxa5 26. Nxa5 Rac8
27. Bf3 Bh3 28. Bg2 Bd7 29. Bf3 Rce8 30. Bg2 Be5 31. Nb7 Rc8 32. Na5 Kg7 33.
Bf3 Rfe8 34. Bh5 Rf8 35. Be2 {} 35... Bh3 36. Bxb5 Bxf1 37. Bxf1 Rf2 38. a4
Rcf8 39. Bc4 R8f7 40. Nc6 Bf6 41. Re1 Bc3 42. Re3 Bd2 43. Re2 Rxe2 44. Bxe2 Rc7
45. Kg2 Bc3 46. h4 gxh4 47. gxh4 Kf6 48. Kg3 Be1+ 49. Kg4 Rg7+ 50. Kh3 Rg3+ 51.
Kh2 a5 52. e5+ dxe5 53. Bc4 Rg8 54. Kh3 e4 55. Nd8 Ke5 56. Ne6 Rg3+ 57. Kh2 Kd6
58. Nd8 Rg7 59. Ne6 Rg8 60. Kh3 Bd2 61. Kh2 Bc3 62. Nf4 Be5 63. Kh3 Bxf4 0-1

[Event "5th Karl Wagner mem (B)"]
[Site "Graz"]
[Date "1998.07.08"]
[Round "1.3"]
[White "Hoegenwarth, Helmut"]
[Black "Marschalek, Harald"]
[Result "1-0"]
[WhiteElo "1990"]
[BlackElo "1820"]
[PlyCount "133"]
[EventDate "1998.07.08"]

{1/(3)} 1. c4 1... e5 2. Nc3 Nf6 3. d3 Nc6 4. e3 Bb4 5. Bd2 O-O 6. Be2 d5 7.
cxd5 Nxd5 8. a3 Bxc3 9. bxc3 f5 10. Nf3 e4 11. Nd4 Ne5 12. Qc2 exd3 13. Bxd3
Nxd3+ 14. Qxd3 c5 15. Ne2 Be6 16. Qc2 Qe7 17. O-O Rad8 18. c4 Nb6 19. Ba5 Rd6
20. Bxb6 Rxb6 21. Rfd1 Rd8 22. Nf4 Rbd6 23. Rxd6 Rxd6 24. Nd3 b6 25. Ne5 Qd8
26. g3 Rd2 27. Qa4 a5 28. Rb1 Bd7 29. Qb3 Rd6 30. Qc2 g6 31. Rd1 Be6 32. Rxd6
Qxd6 33. f4 Bc8 34. Qd3 Qxd3 35. Nxd3 Ba6 36. Ne5 Kf8 37. Kf2 Ke7 38. Ke1 Kd6
39. Kd2 b5 40. Nf7+ Ke7 41. cxb5 Bxb5 42. Ng5 h6 43. Nf3 Ke6 44. Kc3 Kd5 45.
Nd2 a4 46. Kc2 Be8 47. Kb2 Bd7 48. Kc1 Bc6 49. Kd1 Bb5 50. Nb1 Kc4 51. Kc2 Bc6
52. Nc3 Bd7 53. Nd1 Bc6 54. Nb2+ Kd5 55. Nd3 Bb5 56. Ne5 Be8 57. Kd2 Ke4 58. h3
g5 59. h4 gxh4 60. gxh4 Kd5 61. Ke2 Bh5+ 62. Kd3 Be8 63. Kd2 Ke4 64. Nc4 Kf3
65. Nd6 Bg6 66. h5 Bxh5 67. Nxf5 1-0

[Event "5th Karl Wagner mem (B)"]
[Site "Graz"]
[Date "1998.07.08"]
[Round "1.4"]
[White "Appel, Peter"]
[Black "Steinert, Martin"]
[Result "0-1"]
[WhiteElo "1805"]
[BlackElo "1990"]
[PlyCount "56"]
[EventDate "1998.07.08"]

{1/(4)} 1. d4 1... d5 2. c4 e6 3. Nc3 Nf6 4. Bg5 Be7 5. e3 O-O 6. Nf3 c6 7. Bd3
Nbd7 8. O-O dxc4 9. Bxc4 b5 10. Bd3 a6 11. Qe2 c5 12. Rfd1 cxd4 13. exd4 Bb7
14. Rac1 Re8 15. Ne5 Rc8 16. a3 Nf8 17. Be3 Nd5 18. Nxd5 Qxd5 19. f3 Qd6 20.
Bb1 Ng6 21. Qd3 Red8 22. g3 Bf6 23. Rxc8 Rxc8 24. Nxg6 hxg6 25. Bf4 Qd5 26. Kf2
26... Rd8 {} 27. Be5 Bxe5 28. dxe5 Qc5+ 0-1

[Event "5th Karl Wagner mem (B)"]
[Site "Graz"]
[Date "1998.07.08"]
[Round "1.5"]
[White "Huber, Adolf"]
[Black "Erhard, Karl"]
[Result "1-0"]
[WhiteElo "1981"]
[BlackElo "1796"]
[PlyCount "87"]
[EventDate "1998.07.08"]

{1/(5)} 1. e4 1... c5 2. Nf3 Nc6 3. d4 cxd4 4. Nxd4 g6 5. Be3 Bg7 6. Nc3 a6 7.
Be2 e6 8. O-O Nge7 9. Nxc6 bxc6 10. Bd4 f6 11. Bc5 d5 12. Bf3 O-O 13. Re1 Re8
14. Qe2 d4 15. Na4 a5 16. Qc4 Rb8 17. Rad1 Bd7 18. Qxd4 Rb7 19. c4 e5 20. Qd2
Nc8 21. Bg4 Nd6 22. Qxd6 Bf8 23. Qd3 Bxc5 24. Bxd7 Bd4 25. Bxc6 Ree7 26. Bxb7
Rxb7 27. b3 Qe7 28. c5 Rd7 29. Qc4+ Kg7 30. c6 Rc7 31. Rxd4 exd4 32. Nb2 Qd6
33. Rc1 Qe5 34. Qd5 Qf4 35. Rd1 Re7 36. Nd3 Qc7 37. Nc5 Qc8 38. Rxd4 f5 39. e5
Kh6 40. Nd7 40... Qa6 {} 41. Rh4+ Kg5 42. Qd2+ Kxh4 43. Qf4+ Kh5 44. Nf6# 1-0

[Event "5th Karl Wagner mem (B)"]
[Site "Graz"]
[Date "1998.07.08"]
[Round "1.6"]
[White "Koerver, Erich"]
[Black "Egger, Philipp"]
[Result "0-1"]
[WhiteElo "1796"]
[BlackElo "1973"]
[PlyCount "132"]
[EventDate "1998.07.08"]

{1/(6)} 1. e4 1... c5 2. Nf3 d6 3. Bc4 Nc6 4. O-O g6 5. d4 cxd4 6. Nxd4 Bg7 7.
c3 Nf6 8. Re1 O-O 9. Nxc6 bxc6 10. Nd2 d5 11. exd5 cxd5 12. Bb3 e6 13. Nf3 Bb7
14. Be3 Ne4 15. Bc2 Nd6 16. Bc5 Qc7 17. Ba3 Rfd8 18. Bd3 Nc4 19. Bxc4 Qxc4 20.
Qe2 Qa4 21. Qd1 Qa5 22. Bb4 Qc7 23. Rc1 a5 24. Ba3 Bh6 25. Ra1 Ba6 26. Qd4 Bg7
27. Qc5 Qxc5 28. Bxc5 Rab8 29. Ba3 Rdc8 30. Ne5 Bb5 31. Rac1 Bh6 32. Rcd1 Bg7
33. g3 Rb7 34. Nf3 a4 35. Bb4 Bc4 36. a3 Re8 37. Ne5 Bb5 38. Nd3 Bxd3 39. Rxd3
Rd7 40. Red1 Rc8 41. R1d2 Rc4 42. b3 axb3 43. Rb2 Ra7 44. Rxb3 h5 45. Rb1 Ra6
46. h4 f5 47. f4 Kf7 48. Re1 Rac6 49. Rc1 Rc7 50. Ba5 Rc8 51. Bb4 {} 51... d4
52. Rcd1 dxc3 53. Rd7+ Kg8 54. Bxc3 Rxc3 55. R1d3 Rxd3 56. Rxd3 Rc3 57. Rd8+
Kf7 58. a4 Rxg3+ 59. Kf2 Ra3 60. Ra8 Bd4+ 61. Kg2 Bc5 62. a5 Bd6 63. Ra7+ Kf6
64. a6 Bxf4 65. Ra8 Bd6 66. Kf1 Bc5 0-1

[Event "5th Karl Wagner mem (B)"]
[Site "Graz"]
[Date "1998.07.08"]
[Round "1.7"]
[White "Matosec, Thomas"]
[Black "Brunner, Gerhard"]
[Result "0-1"]
[WhiteElo "1973"]
[BlackElo "1794"]
[PlyCount "84"]
[EventDate "1998.07.08"]

{1/(7)} 1. Nf3 1... Nf6 2. c4 g6 3. d4 Bg7 4. Nc3 O-O 5. g3 c6 6. e4 d6 7. Bg2
Qa5 8. O-O Qh5 9. e5 dxe5 10. Nxe5 Qxd1 11. Rxd1 e6 12. Bf4 Nbd7 13. Re1 Nh5
14. Bg5 Nb6 15. Nxc6 bxc6 16. Bxc6 Rb8 17. Be7 Nxc4 18. Bxf8 Kxf8 19. b3 Na5
20. Bf3 Bxd4 21. Rac1 Nf6 22. Red1 Bxc3 23. Rxc3 Bb7 24. b4 Nd5 25. Bxd5 Bxd5
26. bxa5 Bxa2 27. Rc7 a6 28. Ra7 Bc4 29. Rc1 Rb4 30. f4 Ra4 31. Kf2 Kg7 32. Ke3
Kf6 33. g4 h6 34. h4 e5 35. fxe5+ Kxe5 36. Re7+ Kd6 37. Re4 Kd5 38. Rd1+ Kc5
39. Rd7 Kc6 40. Rd8 Ra3+ 41. Kf4 41... Bd5 {} 42. Rd4 Rf3+ 0-1

[Event "5th Karl Wagner mem (B)"]
[Site "Graz"]
[Date "1998.07.08"]
[Round "1.9"]
[White "Koelldorfer, Franz"]
[Black "Stoiser, Markus"]
[Result "1-0"]
[WhiteElo "1971"]
[BlackElo "1770"]
[PlyCount "77"]
[EventDate "1998.07.08"]

{1/(9)} 1. d4 1... Nf6 2. Nf3 g6 3. Bg5 Bg7 4. Nbd2 O-O 5. e4 d6 6. c3 e5 7.
dxe5 dxe5 8. Bc4 Re8 9. O-O c6 10. Bb3 Qc7 11. Qe2 Na6 12. Rfe1 Nc5 13. Bc2 Be6
14. b4 Ncd7 15. h3 a5 16. Bb3 axb4 17. Bxe6 Rxe6 18. cxb4 b5 19. Rec1 Qb6 20.
Nb3 Bf8 21. Be3 Qa6 22. Ng5 Ree8 23. Nc5 Nxc5 24. Bxc5 Bxc5 25. Rxc5 h6 26. Nf3
Nd7 27. Rc3 Rac8 28. Qd2 Nf6 29. Qxh6 Nxe4 30. Re3 Nf6 31. Nxe5 c5 32. bxc5 Nd5
33. Re4 Qf6 34. Rae1 34... Rc7 {} 35. Ng4 Rxe4 36. Nxf6+ Nxf6 37. Rxe4 Nxe4
38. Qf4 Re7 39. Qb8+ 1-0

[Event "5th Karl Wagner mem (B)"]
[Site "Graz"]
[Date "1998.07.08"]
[Round "1.10"]
[White "Luder, Franz"]
[Black "Schmaranzer, Alfred"]
[Result "0-1"]
[WhiteElo "1765"]
[BlackElo "1966"]
[PlyCount "42"]
[EventDate "1998.07.08"]

{1/(10)} 1. d4 1... Nf6 2. Nf3 e6 3. c4 d5 4. Nc3 c5 5. cxd5 exd5 6. Bg5 Nc6 7.
dxc5 d4 8. Ne4 Be7 9. Bxf6 Bxf6 10. Nd6+ Kf8 11. a3 a5 12. g3 Qc7 13. Bg2 Be6
14. O-O Rd8 15. Qd2 a4 16. Qd3 Na5 17. Nb5 Qxc5 18. Rac1 Bc4 19. Rxc4 Qxc4 20.
Rd1 Qxd3 21. Rxd3 Nb3 0-1

[Event "5th Karl Wagner mem (B)"]
[Site "Graz"]
[Date "1998.07.08"]
[Round "1.11"]
[White "Hadl, Johann"]
[Black "Wagner, Stefan"]
[Result "0-1"]
[WhiteElo "1965"]
[BlackElo "1759"]
[PlyCount "52"]
[EventDate "1998.07.08"]

{1/(11)} 1. e4 1... c5 2. d4 cxd4 3. c3 dxc3 4. Nxc3 Nc6 5. Nf3 d6 6. Bc4 e6 7.
O-O Nf6 8. Qe2 a6 9. Bg5 Be7 10. Rfd1 Qc7 11. Rac1 O-O 12. Bb3 Qb8 13. Rd2 Na5
14. Bc2 e5 15. Rcd1 Be6 16. Bxf6 Bxf6 17. Rxd6 Be7 18. R6d3 Bc4 19. Nd5 Bd8 20.
Ne3 Bxd3 21. Rxd3 b5 22. Rd5 Nc6 23. Ng4 Bc7 24. Rc5 Qb6 25. Qe3 Nd4 26. Qc3
Ne2+ 0-1

[Event "5th Karl Wagner mem (B)"]
[Site "Graz"]
[Date "1998.07.08"]
[Round "1.12"]
[White "Payrits, Helmut"]
[Black "Maric, Iwan"]
[Result "0-1"]
[WhiteElo "1749"]
[BlackElo "1963"]
[PlyCount "100"]
[EventDate "1998.07.08"]

{1/(12)} 1. d4 1... d5 2. c4 c6 3. Nc3 e6 4. e4 dxe4 5. Nxe4 Be7 6. Nf3 Nf6 7.
Bd3 Nbd7 8. Qc2 h6 9. O-O Qc7 10. Ng3 b6 11. a3 a5 12. Bd2 Bb7 13. b4 a4 14.
Rfe1 O-O 15. c5 b5 16. Qc1 h5 17. Qc2 Rfe8 18. Ne5 Nf8 19. Ne4 Nxe4 20. Bxe4
Bf6 21. Rad1 Rad8 22. Bc3 Be7 23. Rd3 f5 24. Bf3 g6 25. Nxg6 Nxg6 26. Rxe6 Nf4
27. Bxh5 Nxe6 28. Bxe8 Rxe8 29. Rg3+ Ng7 30. Qxf5 Bf8 31. h4 Bc8 32. Qg6 Re6
33. Qg5 Qe7 34. d5 Qxg5 35. Rxg5 cxd5 36. Rxd5 Bb7 37. Rg5 Kh7 38. Kf1 Rg6 39.
f4 Rxg5 40. hxg5 Nf5 41. Kf2 Bg7 42. Bxg7 Kxg7 43. Ke2 Bxg2 44. Kd3 Kg6 45. Kd2
Kh5 46. Kd3 Kg4 47. g6 Kxf4 48. g7 Nxg7 49. c6 Bxc6 50. Kd4 Ne6+ 0-1

[Event "5th Karl Wagner mem (B)"]
[Site "Graz"]
[Date "1998.07.08"]
[Round "1.13"]
[White "Sulzbacher, Michael"]
[Black "Burger, Anton"]
[Result "1-0"]
[WhiteElo "1960"]
[BlackElo "1746"]
[PlyCount "47"]
[EventDate "1998.07.08"]

{1/(13)} 1. Nc3 1... Nf6 2. f4 d5 3. e3 g6 4. Nf3 Bg7 5. d4 Bg4 6. h3 Bxf3 7.
Qxf3 e6 8. Bd3 Nbd7 9. O-O a6 10. b3 c5 11. Ne2 O-O 12. a4 cxd4 13. exd4 Qc7
14. Bd2 a5 15. Rab1 Nb6 16. Nc3 Nc8 17. Nb5 Qb6 18. c4 Qd8 19. c5 Ne7 20. Nd6
Qc7 21. Be3 Nc6 22. Rfc1 Nd7 23. Kh1 Nxd4 24. Bxd4 1-0

[Event "5th Karl Wagner mem (B)"]
[Site "Graz"]
[Date "1998.07.08"]
[Round "1.14"]
[White "Stockner, Peter"]
[Black "Kogler, Norbert"]
[Result "0-1"]
[WhiteElo "1741"]
[BlackElo "1949"]
[PlyCount "120"]
[EventDate "1998.07.08"]

{1/(14)} 1. c4 1... c6 2. d4 d5 3. cxd5 cxd5 4. Nc3 Nf6 5. Nf3 Nc6 6. Bf4 e6 7.
e3 Bd6 8. Ne5 O-O 9. Bd3 Bxe5 10. dxe5 Nd7 11. O-O {} 11... Ndxe5 12. Bxe5
Nxe5 13. Bxh7+ Kxh7 14. Qh5+ Kg8 15. Qxe5 Qb6 16. Na4 Qb4 17. b3 b6 18. Rfd1
Bb7 19. Rd4 Qe7 20. Qh5 f5 21. f4 Rac8 22. Qd1 e5 23. fxe5 Qxe5 24. Qd2 Rce8
25. Nc3 g5 26. Rf1 Qxe3+ 27. Qxe3 Rxe3 28. Nxd5 Re2 29. Rf2 Re1+ 30. Rf1 Rxf1+
31. Kxf1 Kg7 32. Ne3 Rf7 33. Nc4 Rc7 34. Kf2 Be4 35. g4 Bb1 36. gxf5 Bxf5 37.
Rd5 Kf6 38. Rd2 b5 39. Ne3 Be6 40. b4 Rh7 41. Kg2 Ke5 42. Nf1 Bh3+ 43. Kg1 Rc7
44. Ng3 Kf4 45. Kf2 Rc4 46. a3 Bg4 47. Ra2 a6 48. Rd2 Ke5 49. Ke3 Rf4 50. Rf2
Rxf2 51. Kxf2 Kd4 52. Ke1 Ke3 53. Nf1+ Kd3 54. Ng3 Bf3 55. Nf5 Kc3 56. h4 gxh4
57. Nxh4 Be4 58. a4 bxa4 59. Kd1 a3 60. Nf3 Bxf3+ 0-1

[Event "5th Karl Wagner mem (B)"]
[Site "Graz"]
[Date "1998.07.08"]
[Round "1.15"]
[White "Jud, Karl-Heinz"]
[Black "Scherr, Johann"]
[Result "1-0"]
[WhiteElo "1943"]
[BlackElo "1737"]
[PlyCount "109"]
[EventDate "1998.07.08"]

{1/(15)} 1. b3 1... c5 2. Bb2 Nc6 3. e3 d5 4. Nf3 d4 5. Bb5 dxe3 6. fxe3 a6 7.
Bxc6+ bxc6 8. O-O Nh6 9. Ne5 e6 10. Qf3 Qc7 11. Qxc6+ Qxc6 12. Nxc6 Bb7 13. Na5
Bc8 14. Nc4 Bb7 15. d3 Nf5 16. Nbd2 Be7 17. Rae1 Rd8 18. Nf3 h5 19. e4 Nd4 20.
Nxd4 cxd4 21. Re2 h4 22. Ne5 f6 23. Ng6 Rh6 24. Nf4 Kd7 25. Ref2 g5 26. Ne2 e5
27. g3 Rc8 28. Rc1 Ke6 29. g4 h3 30. Rf3 Bc5 31. Kf1 Ke7 32. Ng3 Rh7 33. Ke2
Rc6 34. Rcf1 Bc8 35. Nf5+ Ke6 36. Kd1 Bb4 37. a3 Bc3 38. Bc1 Bb7 39. Ng3 39...
Kf7 {} 40. Bxg5 Bc8 41. Rxf6+ Rxf6 42. Rxf6+ Ke8 43. Nf5 Bxf5 44. Rxf5 a5 45.
Rxe5+ Kf8 46. a4 Kg8 47. Re8+ Kf7 48. Re7+ Kg6 49. Rxh7 Kxh7 50. Bd2 Bb2 51.
Bxa5 Kg6 52. Bd2 Ba3 53. Bf4 Bb4 54. Ke2 Bc3 55. Kf2 1-0

[Event "5th Karl Wagner mem (B)"]
[Site "Graz"]
[Date "1998.07.09"]
[Round "2.1"]
[White "Radl, Guenther"]
[Black "Steiner, Karl"]
[Result "1-0"]
[WhiteElo "1995"]
[BlackElo "1919"]
[PlyCount "67"]
[EventDate "1998.07.08"]

{2/(1)} 1. d4 d5 2. c4 c6 3. Nf3 Nf6 4. Nc3 g6 5. Bf4 Bg7 6. e3 O-O 7. cxd5
Nxd5 8. Be5 Nf6 9. h3 Qb6 10. Qb3 Qxb3 11. axb3 Nbd7 12. Bh2 Nb6 13. Be2 Be6
14. Nd2 a6 15. O-O Rac8 16. Ra5 Rfd8 17. Nc4 Nfd7 18. Ne4 Nxc4 19. bxc4 f6 20.
b4 Bf5 21. Nc3 e5 22. d5 Nb6 23. e4 Bd7 24. c5 Na8 25. Bc4 Kf8 26. f4 Ke8 27.
fxe5 fxe5 28. d6 Bh8 29. Ra2 b5 30. Raf2 Bg7 31. Bf7+ Kf8 32. Bb3+ 32... Ke8 { 
} 33. Rf7 Bh6 34. Re7# 1-0

[Event "5th Karl Wagner mem (B)"]
[Site "Graz"]
[Date "1998.07.09"]
[Round "2.2"]
[White "Kerschenbauer, Franz"]
[Black "Hoegenwarth, Helmut"]
[Result "1-0"]
[WhiteElo "1915"]
[BlackElo "1990"]
[PlyCount "89"]
[EventDate "1998.07.08"]

{2/(2)} 1. e4 e6 2. d4 d5 3. Nd2 dxe4 4. Nxe4 c6 5. Nf3 Nd7 6. Bd3 Ngf6 7. Neg5
h6 8. Nxe6 fxe6 9. Bg6+ Ke7 10. Nh4 Nb6 11. Qe2 Kd7 12. Bf7 Kc7 13. Ng6 Rh7 14.
c4 Qxd4 15. Bf4+ Bd6 16. Rd1 { } 16... Qxf4 17. Nxf4 Bxf4 18. Bg6 Rh8 19. c5
Nbd7 20. g3 Nxc5 21. gxf4 b6 22. Qe5+ Kb7 23. b4 Na6 24. b5 Nc5 25. bxc6+ Kxc6
26. Qd6+ Kb5 27. a4+ Ka5 28. Qc6 Ba6 29. Qf3 Nxa4 30. Ra1 Rac8 31. Qb3 b5 32.
O-O Nd5 33. Rfb1 Rc3 34. Qd1 Rhc8 35. Qd2 b4 36. f5 Rd3 37. Qa2 Ra3 38. Qd2 Rd3
39. Qe1 Rc4 40. fxe6 Rg4+ 41. Kh1 Rxg6 42. Qe4 Rg5 43. e7 Rh5 44. Rxa4+ Kxa4
45. e8=Q+ 1-0

[Event "5th Karl Wagner mem (B)"]
[Site "Graz"]
[Date "1998.07.09"]
[Round "2.3"]
[White "Steinert, Martin"]
[Black "Koban, Markus"]
[Result "1-0"]
[WhiteElo "1990"]
[BlackElo "1915"]
[PlyCount "65"]
[EventDate "1998.07.08"]

{2/(3)} 1. d4 Nf6 2. Nf3 g6 3. c4 Bg7 4. Nc3 d5 5. cxd5 Nxd5 6. e4 Nxc3 7. bxc3
c5 8. Be2 O-O 9. O-O Nc6 10. Be3 cxd4 11. cxd4 b6 12. Rc1 Bb7 13. Qd2 e6 14.
Rfd1 Rc8 15. Bh6 Qd6 16. Bxg7 Kxg7 17. d5 exd5 18. exd5 Ne7 19. Qb2+ Kg8 20.
Rxc8 Rxc8 21. Ng5 Qf4 22. h4 Bxd5 23. g3 Qc7 24. Qf6 h6 25. Nh3 Bxa2 26. Bf3
26... Qc3 { } 27. Rd8+ Kh7 28. Rh8+ Rxh8 29. Qxc3 Rc8 30. Qa3 Be6 31. Qxe7 Bxh3
32. Qxf7+ Kh8 33. Qxg6 1-0

[Event "5th Karl Wagner mem (B)"]
[Site "Graz"]
[Date "1998.07.09"]
[Round "2.4"]
[White "Schneider, Martin"]
[Black "Huber, Adolf"]
[Result "0-1"]
[WhiteElo "1910"]
[BlackElo "1981"]
[PlyCount "58"]
[EventDate "1998.07.08"]

{2/(4)} 1. e4 c5 2. Nf3 Nc6 3. d4 cxd4 4. Nxd4 e5 5. Nb5 d6 6. N1c3 a6 7. Na3
h6 8. Nd5 Nf6 9. Nxf6+ Qxf6 10. Nc4 Be7 11. Bd3 Be6 12. O-O b5 13. Ne3 O-O 14.
c3 Qg6 15. Qe2 Rfd8 16. a4 b4 17. Bxa6 bxc3 18. bxc3 Na5 19. Bd3 Nb3 20. Ra3
Nc5 21. a5 Nxd3 22. Qxd3 d5 23. Ra1 dxe4 24. Qb5 Rdb8 25. Qe2 Bc8 26. Nd5 Bd8
27. Be3 { } 27... Bg4 28. Qc2 Bf3 29. g3 Qe6 0-1

[Event "5th Karl Wagner mem (B)"]
[Site "Graz"]
[Date "1998.07.09"]
[Round "2.5"]
[White "Egger, Philipp"]
[Black "Gallob, Boris"]
[Result "1-0"]
[WhiteElo "1973"]
[BlackElo "1882"]
[PlyCount "129"]
[EventDate "1998.07.08"]

{2/(5)} 1. d4 Nf6 2. c4 c5 3. d5 b5 4. cxb5 a6 5. bxa6 g6 6. Nc3 Bxa6 7. e4
Bxf1 8. Kxf1 d6 9. g3 Bg7 10. Kg2 O-O 11. Nf3 Qb6 12. h3 Na6 13. Re1 Nd7 14.
Re2 c4 15. Be3 Nac5 16. Bd4 Bxd4 17. Qxd4 Nd3 18. Qxb6 Nxb6 19. Rb1 Na4 20.
Nxa4 Rxa4 21. b3 cxb3 22. axb3 Rb4 23. Re3 Nc5 24. Nd2 Ra8 25. Rb2 Ra3 26. Kf1
f6 27. Ke2 Kf7 28. Kd1 e6 29. dxe6+ Kxe6 30. Kc2 Ra8 31. f4 Rab8 32. Ra2 R4b6
33. Ra7 R8b7 34. Rxb7 Rxb7 35. Rc3 Rb8 36. Rc4 Rb7 37. Kc3 Rd7 38. Kd4 Rb7 39.
Kc3 Rd7 40. b4 Na4+ 41. Kb3 Nb6 42. Rc6 Rb7 43. Nc4 Nxc4 44. Rxc4 g5 45. fxg5
fxg5 46. Rc8 Rf7 47. b5 Kd7 48. Rc3 Re7 49. Rc4 Ke6 50. Kb4 d5 51. exd5+ Kxd5
52. Rc5+ Kd6 53. Rxg5 Kc7 54. h4 Kb6 55. h5 Re4+ 56. Kc3 Re7 57. Kd4 Rd7+ 58.
Ke4 Re7+ 59. Kf5 Rc7 60. Kf6 Rd7 61. Re5 Rc7 62. g4 Rd7 63. g5 Rc7 64. g6 hxg6
65. hxg6 1-0

[Event "5th Karl Wagner mem (B)"]
[Site "Graz"]
[Date "1998.07.09"]
[Round "2.6"]
[White "Roerig, Gerhard"]
[Black "Koelldorfer, Franz"]
[Result "1-0"]
[WhiteElo "1881"]
[BlackElo "1971"]
[PlyCount "107"]
[EventDate "1998.07.08"]

{2/(6)} 1. Nf3 Nf6 2. g3 d6 3. Bg2 Nbd7 4. O-O c6 5. c4 e5 6. d3 Be7 7. Nc3 O-O
8. Bd2 Re8 9. e4 Nc5 10. Qc2 a5 11. Be3 Qc7 12. Na4 Ng4 13. Bd2 Nxa4 14. Qxa4
f5 15. h3 Nf6 16. Rfe1 Bd7 17. Qc2 fxe4 18. dxe4 Rf8 19. Bc3 Nh5 20. Qe2 Qb6
21. Kh2 g6 22. Qe3 c5 23. Re2 a4 24. Rd1 Be6 25. Nd2 Rf7 26. b3 Raf8 27. f3 Qd8
28. Qd3 Bh4 29. Nf1 { } 29... Bxg3+ 30. Nxg3 Nf4 31. Qe3 Qh4 32. Be1 Nxg2 33.
Rxg2 Qxh3+ 34. Kg1 Rxf3 35. Qg5 axb3 36. axb3 Bg4 37. Rxd6 Rxb3 38. Rd8 Rbf3
39. Rxf8+ Rxf8 40. Qxe5 Qh6 41. Qd5+ Rf7 42. Rf2 Qf8 43. Bc3 Qe7 44. Rf6 Qc7
45. Rd6 Bd7 46. Be5 Qc8 47. Bf6 Kf8 48. e5 Be8 49. Rd8 Qc7 50. Qe6 Qc6 51. Qxc6
bxc6 52. Ne4 Rd7 53. e6 Rxd8 54. e7+ 1-0

[Event "5th Karl Wagner mem (B)"]
[Site "Graz"]
[Date "1998.07.09"]
[Round "2.7"]
[White "Schmaranzer, Alfred"]
[Black "Hatzl, Johannes"]
[Result "0-1"]
[WhiteElo "1966"]
[BlackElo "1869"]
[PlyCount "40"]
[EventDate "1998.07.08"]

{2/(7)} 1. f4 e5 2. fxe5 d6 3. exd6 Bxd6 4. Nf3 g5 5. g3 g4 6. Nh4 Ne7 7. d4
Ng6 8. Nxg6 hxg6 9. Qd3 Nc6 10. c3 Bf5 11. e4 Qe7 12. Bg2 O-O-O 13. O-O Be6 14.
Rf2 f5 15. Nd2 Ne5 16. Qe2 16... Qh7 { } 17. exf5 Qxh2+ 18. Kf1 Qh1+ 19. Bxh1
Rxh1+ 20. Kg2 Rdh8 0-1

[Event "5th Karl Wagner mem (B)"]
[Site "Graz"]
[Date "1998.07.09"]
[Round "2.8"]
[White "Maric, Iwan"]
[Black "Hatzl, Stefan"]
[Result "1-0"]
[WhiteElo "1963"]
[BlackElo "1863"]
[PlyCount "80"]
[EventDate "1998.07.08"]

{2/(8)} 1. d4 Nf6 2. Bf4 g6 3. Be5 Bg7 4. Bxf6 Bxf6 5. c3 O-O 6. e4 d6 7. f4 e5
8. fxe5 dxe5 9. d5 Bg7 10. Nf3 Nd7 11. Bd3 Nc5 12. c4 f5 13. Nc3 Qe7 14. Qe2 a6
15. O-O-O b5 16. Rhe1 Rb8 17. Nd2 Bd7 18. Bc2 b4 19. Ncb1 fxe4 20. Nxe4 b3 21.
axb3 Nxb3+ 22. Bxb3 Rxb3 23. Rd3 Qb4 24. Rxb3 Qxb3 25. Qc2 Qb4 26. Nbd2 Bf5 27.
Qc3 Qa4 28. b3 Qa3+ 29. Qb2 Qb4 30. Qc3 Qa3+ 31. Kc2 Qe7 32. g3 Bh6 33. Kb2 Bg7
34. Ra1 Bxe4 35. Nxe4 Rf2+ 36. Kb1 Rxh2 37. Rxa6 Qf8 38. Qe1 Qf3 39. Ra8+ Bf8
40. Nd2 { } 40... Rh1 1-0

[Event "5th Karl Wagner mem (B)"]
[Site "Graz"]
[Date "1998.07.09"]
[Round "2.9"]
[White "Zuchart, Manfred"]
[Black "Sulzbacher, Michael"]
[Result "0-1"]
[WhiteElo "1872"]
[BlackElo "1960"]
[PlyCount "58"]
[EventDate "1998.07.08"]

{2/(9)} 1. e4 g6 2. d4 d6 3. c4 Bg7 4. Nc3 Nc6 5. Nf3 Bg4 6. Be3 Bxf3 7. gxf3
e5 8. d5 Nd4 9. Bxd4 exd4 10. Nb5 c6 11. dxc6 bxc6 12. Nxd4 Qa5+ 13. Ke2 Qc5
14. Ke3 Ne7 15. Qd3 O-O 16. Rd1 f5 17. Ke2 fxe4 18. fxe4 d5 19. cxd5 { } 19...
Nxd5 20. Ke1 Nb6 21. Qe3 Rad8 22. Nb3 Qb4+ 23. Rd2 Bxb2 24. Kd1 Be5 25. Rxd8
Rxd8+ 26. Bd3 Nc4 27. Qxa7 Nb2+ 28. Ke2 Nxd3 29. Qa5 Qxe4+ 0-1

[Event "5th Karl Wagner mem (B)"]
[Site "Graz"]
[Date "1998.07.09"]
[Round "2.10"]
[White "Kogler, Norbert"]
[Black "Mallner, Wilhelm"]
[Result "1-0"]
[WhiteElo "1949"]
[BlackElo "1791"]
[PlyCount "117"]
[EventDate "1998.07.08"]

{2/(10)} 1. d4 f5 2. Nf3 Nf6 3. g3 e6 4. Bg2 Bb4+ 5. c3 Be7 6. O-O d6 7. Qb3
Nc6 8. Ng5 d5 9. f4 O-O 10. e3 Na5 11. Qc2 b6 12. Nd2 Ng4 13. Ndf3 c5 14. h3
Nf6 15. Ne5 Ne4 16. Nxe4 dxe4 17. Bd2 Ba6 18. Rf2 Rc8 19. Qd1 c4 20. Be1 Nc6
21. Nxc6 Rxc6 22. g4 g6 23. Rd2 Qd5 24. h4 Rf7 25. Bf1 Rg7 26. Rg2 Bf6 27. Rc1
Bc8 28. g5 Be7 29. h5 Bf8 30. Rh2 Rcc7 31. b3 b5 32. bxc4 bxc4 33. Rb1 Bd7 34.
Rhb2 a6 35. Rb8 Bc6 36. R8b6 a5 37. Qc2 Bd7 38. h6 Rf7 39. Qb2 Bc6 40. Qe2 Be8
41. Rb8 41... Qc6 { } 42. Qxc4 Qxc4 43. Bxc4 Bd7 44. Ba6 Ra7 45. Bc8 Bxc8 46.
Rxc8 Rfb7 47. Rb8 Rc7 48. Kf2 Kf7 49. Ke2 a4 50. Kd2 Kg8 51. Kc2 Kf7 52. Bd2
Kg8 53. Re8 Rcb7 54. Rxb7 Rxb7 55. Rxe6 a3 56. Bc1 Rc7 57. Rb6 Kf7 58. Kb3 Ra7
59. c4 1-0

[Event "5th Karl Wagner mem (B)"]
[Site "Graz"]
[Date "1998.07.09"]
[Round "2.11"]
[White "Rass, Ewald"]
[Black "Jud, Karl-Heinz"]
[Result "1/2-1/2"]
[WhiteElo "1867"]
[BlackElo "1943"]
[PlyCount "57"]
[EventDate "1998.07.08"]

{2/(11)} 1. d4 g6 2. c4 Nf6 3. Nc3 d5 4. cxd5 Nxd5 5. e4 Nxc3 6. bxc3 Bg7 7.
Bb5+ Nd7 8. Nf3 O-O 9. O-O a6 10. Ba4 c5 11. Bb2 b5 12. Bc2 Nb6 13. e5 Nc4 14.
Be4 Rb8 15. Bc1 Bb7 16. Qe2 Bxe4 17. Qxe4 Qa5 18. Bf4 e6 19. dxc5 Rbc8 20. Bg5
Qc7 21. Bf4 Qxc5 22. a4 Rfd8 23. axb5 axb5 24. Rfd1 Nb6 25. Be3 Rxd1+ 26. Rxd1
Qc7 27. Bxb6 Qxb6 28. h3 Qc5 29. Qb7 1/2-1/2

[Event "5th Karl Wagner mem (B)"]
[Site "Graz"]
[Date "1998.07.09"]
[Round "2.13"]
[White "Meixner, Helmut"]
[Black "Kleinsasser, Franz"]
[Result "1/2-1/2"]
[WhiteElo "1839"]
[BlackElo "1938"]
[PlyCount "59"]
[EventDate "1998.07.08"]

{2/(13)} 1. d4 Nf6 2. c4 g6 3. Nc3 Bg7 4. e4 d6 5. Be2 O-O 6. Bg5 h6 7. Be3 e5
8. dxe5 dxe5 9. Qxd8 Rxd8 10. Nd5 Nxd5 11. cxd5 c6 12. Bc4 cxd5 13. Bxd5 Na6
14. Rd1 Rd7 15. Ne2 Nb4 16. O-O Nxd5 17. Rxd5 Rxd5 18. exd5 b6 19. Nc3 Bd7 20.
Rc1 Rc8 21. f3 Bf8 22. Kf2 f5 23. Ne2 { } 23... Rxc1 24. Nxc1 Kf7 25. Nd3 Kf6
26. f4 Bd6 27. fxe5+ Bxe5 28. Nxe5 Kxe5 29. Bxh6 Kxd5 30. Ke3 1/2-1/2